Solid state physical electronics / (Record no. 181591)
[ view plain ]
| 000 -LEADER | |
|---|---|
| fixed length control field | 01342 a2200241 4500 |
| 003 - CONTROL NUMBER IDENTIFIER | |
| control field | Nust |
| 005 - DATE AND TIME OF LATEST TRANSACTION | |
| control field | 20221123125829.0 |
| 010 ## - LIBRARY OF CONGRESS CONTROL NUMBER | |
| LC control number | 75005661 |
| 020 ## - INTERNATIONAL STANDARD BOOK NUMBER | |
| International Standard Book Number | 0138216037 |
| 040 ## - CATALOGING SOURCE | |
| Transcribing agency | Nust |
| 082 00 - DEWEY DECIMAL CLASSIFICATION NUMBER | |
| Classification number | 621.381,ZIE |
| 100 1# - MAIN ENTRY--PERSONAL NAME | |
| Personal name | Van der Ziel, Aldert, |
| 9 (RLIN) | 103417 |
| 245 10 - TITLE STATEMENT | |
| Title | Solid state physical electronics / |
| Statement of responsibility, etc. | Aldert van der Ziel. |
| 250 ## - EDITION STATEMENT | |
| Edition statement | 3rd ed. |
| 260 ## - PUBLICATION, DISTRIBUTION, ETC. | |
| Place of publication, distribution, etc. | Englewood Cliffs, N.J. : |
| Name of publisher, distributor, etc. | Prentice Hall, |
| Date of publication, distribution, etc. | [1976] |
| 300 ## - PHYSICAL DESCRIPTION | |
| Extent | xiii, 528 p. : |
| Other physical details | ill. ; |
| Dimensions | 24 cm. |
| 490 0# - SERIES STATEMENT | |
| Series statement | Solid state physical electronics series |
| 505 ## - FORMATTED CONTENTS NOTE | |
| Formatted contents note | Structure of the Sold State (Page-1), Wave Mechanics (Page-11), Statistics (Page-41), Band Theory of Solids (Page-59)m Semiconductors (Page-90), Semiconductor Electronics (Page-121), Thermionic Emission and Emission (Page-152), Application of thermionic Emission (Page-169), Photoemission (Page-184), Secondary Electron Emission (Page-202), Photoconductivity (Page-221), Luminescence (Page-239), Application (Page-261), Metal- Semiconductor Diodes (Page-283), PN Junction Diodes (Page-310), Transistors (Page-353), Application (Page-395), Field Effect Transistors (Page-436), Miscellaneous Semiconductors Devices (Page-464), Miscellaneous Semiconductor Problems (Page-485). |
| 650 #0 - SUBJECT ADDED ENTRY--TOPICAL TERM | |
| Topical term or geographic name entry element | Semiconductors. |
| 9 (RLIN) | 11016 |
| 650 #0 - SUBJECT ADDED ENTRY--TOPICAL TERM | |
| Topical term or geographic name entry element | Solids. |
| 650 #0 - SUBJECT ADDED ENTRY--TOPICAL TERM | |
| Topical term or geographic name entry element | Telecommunication Engineering |
| 942 ## - ADDED ENTRY ELEMENTS (KOHA) | |
| Source of classification or shelving scheme | |
| Koha item type | Book |
| Withdrawn status | Lost status | Source of classification or shelving scheme | Damaged status | Not for loan | Permanent Location | Current Location | Shelving location | Date acquired | Full call number | Barcode | Date last seen | Price effective from | Koha item type | Public note |
|---|---|---|---|---|---|---|---|---|---|---|---|---|---|---|
| Military College of Signals (MCS) | Military College of Signals (MCS) | General Stacks | 12/12/2016 | 621.381,ZIE | MCS5850 | 12/08/2016 | 12/12/2016 | Book | Almirah No.32, Shelf No.1 |
